000 00810nam a2200205 a 4500
001 BRCA_2291
005 20190320203739.0
008 810316s1987 mx-a---###---#000-0#spa-#
020 _a9688160679
050 4 _aF1386
_b.D57 14
_c1987
100 1 _aFernández, Martha
_95893
245 1 0 _aLa Ciudad de México (De ´Gran Tenochtitlan´ a ´Mancha Urbana´)
_cMartha Fernández.
260 _aMéxico
_bDepartamento del Distrito Federal : Secretaría General de Desarrollo Social : Comité Interno de Ediciones Gubernamentales
_c1987
300 _a142 p.
_bil.
_c21 cm.
440 0 _aColección Distrito Federal
_v14
_96859
500 _aIncluye índice de artistas, índice de obras de arte y lista de ilustraciones
504 _aBibliografía: p. 113-120
651 4 _aMéxico
_xHistoria
_9614
942 _2lcc
_cB
999 _c2036
_d2036